MARC details
| 000 -CABECERA |
| campo de control de longitud fija |
03363nam a22004094i 4500 |
| 001 - NÚMERO DE CONTROL |
| campo de control |
991061339507106706 |
| 003 - IDENTIFICADOR DEL NÚMERO DE CONTROL |
| campo de control |
ES-BaIT |
| 005 - FECHA Y HORA DE LA ÚLTIMA TRANSACCIÓN |
| campo de control |
20260216091928.0 |
| 008 - DATOS DE LONGITUD FIJA--INFORMACIÓN GENERAL |
| campo de control de longitud fija |
250520s2025 sp a|||| c||| 000 0dspa|c |
| 017 ## - NÚMERO DE COPYRIGHT O DE DEPÓSITO LEGAL |
| Número de copyright o de depósito legal |
DL BI 01762-2024, |
| Agencia que asigna |
Oficina DL Bilbao |
| 020 ## - NÚMERO INTERNACIONAL ESTÁNDAR DEL LIBRO |
| Número Internacional Estándar del Libro |
9788412978704 |
| 035 ## - NÚMERO DE CONTROL DEL SISTEMA |
| Número de control de sistema |
(OCoLC)1548745301 |
| 040 ## - FUENTE DE LA CATALOGACIÓN |
| Centro catalogador/agencia de origen |
ES-BaMCB |
| Lengua de catalogación |
cat |
| Normas de descripción |
rda |
| Centro/agencia transcriptor |
ES-BaMCB |
| 080 ## - NÚMERO DE LA CLASIFICACIÓN DECIMAL UNIVERSAL |
| Número de la Clasificación Decimal Universal |
7(460.18)(Dom) |
| 080 ## - NÚMERO DE LA CLASIFICACIÓN DECIMAL UNIVERSAL |
| Número de la Clasificación Decimal Universal |
7.07 |
| 100 1# - ENTRADA PRINCIPAL--NOMBRE DE PERSONA |
| Nombre de persona |
Domínguez, Juan |
| Término indicativo de función/relación |
artista |
| 9 (RLIN) |
168443 |
| 245 10 - MENCIÓN DE TÍTULO |
| Título |
Fiesta : |
| Resto del título |
6 relatos de hoy, mañana, Juan Domínguez y pasado mañana / |
| Mención de responsabilidad, etc. |
Juan Domínguez [i 7 més] |
| 246 30 - FORMA VARIANTE DE TÍTULO |
| Título propio/Titulo breve |
6 relatos de hoy, mañana, Juan Domínguez y pasado mañana |
| 246 30 - FORMA VARIANTE DE TÍTULO |
| Título propio/Titulo breve |
Seis relatos de hoy, mañana, Juan Domínguez y pasado mañana |
| 264 #1 - PRODUCCIÓN, PUBLICACIÓN, DISTRIBUCIÓN, FABRICACIÓN Y COPYRIGHT |
| Producción, publicación, distribución, fabricación y copyright |
Bilbao : |
| Nombre del de productor, editor, distribuidor, fabricante |
Caniche Editorial ; |
| Producción, publicación, distribución, fabricación y copyright |
Madrid : |
| Nombre del de productor, editor, distribuidor, fabricante |
Fundación Montemadrid, La Casa Encendida, |
| Fecha de producción, publicación, distribución, fabricación o copyright |
2024 |
| 300 ## - DESCRIPCIÓN FÍSICA |
| Extensión |
164 pàgines : |
| Otras características físicas |
il·lustracions en color ; |
| Dimensiones |
21 cm |
| 336 ## - TIPO DE CONTENIDO |
| Término de tipo de contenido |
text |
| Código de tipo de contenido |
txt |
| Fuente |
rdacontent |
| 336 ## - TIPO DE CONTENIDO |
| Término de tipo de contenido |
imatge fixa |
| Código de tipo de contenido |
sti |
| Fuente |
rdacontent |
| 337 ## - TIPO DE MEDIO |
| Nombre/término del tipo de medio |
sense mediació |
| Código del tipo de medio |
n |
| Fuente |
rdamedia |
| 338 ## - TIPO DE SOPORTE |
| Nombre/término del tipo de soporte |
volum |
| Código del tipo de soporte |
nc |
| Fuente |
rdacarrier |
| 490 1# - MENCIÓN DE SERIE |
| Mención de serie |
Letra Caniche ; |
| Designación de volumen o secuencia |
16 |
| 505 8# - NOTA DE CONTENIDO CON FORMATO |
| Nota de contenido con formato |
Conté: Fiesta / Juan Domínguez -- Microclimas de la intimidad / Guilia Palladini -- Bli Bla Blu / María Jerez y Arantxa Martínex -- Qué desea el amante del amor / Isabel de Naveán -- FicCión de la fiCciÓn / Quim Pujol -- Fragmentos / Isabel de Naverán -- Camino sin parar del cero al infinito / Victoria Pérez Royo |
| 520 ## - SUMARIO, ETC. |
| Sumario, etc. |
"La miscelánea de textos que reúne este libro rastrea, revisita y pone el foco sobre el trabajo de un «payaso conceptual, modelo poeta, cowboy de porcelana, narrador desatado y curador del placer», como se define él mismo: Juan Domínguez, una de las figuras más sobresalientes de lo que desde comienzos de los noventa se conoce como danza conceptual.La libertad que propone el entusiasmo de Juan Domínguez no se vislumbra teóricamente, sino que se hace, se practica, se recorre (Victoria Pérez Royo). Y en ese hacer destaca su perseverancia por desvelar los mecanismos de la representación con el humor y el delirio propios de un poeta que, jugando con el lenguaje, crea una nueva realidad, a veces claramente ficticia y, otras, extremadamente real (Isabel de Naverán). Un trabajo basado en una infatigable, obstinada, alegre y persistente producción de microclimas de intimidad (Giulia Palladini).Juan Domínguez aparece aquí retratado como el vástago predilecto de dos rituales (la fiesta y la performance experimental), surgiendo del mar desnudo sobre una gran concha, cubierto de espuma, la melena al viento, acariciándose el pecho con una mano y elevando la otra con una copa de vino blanco sin preocuparse de tapar su sexo —más bien zarandeándolo de lado a lado— y haciendo explotar una carcajada que retumba como un trueno (Quim Pujol).Un libro en que se nos propone desplazar los sentidos, desencarcelar el cuerpo… dejar de leer y salir a tocar la hierba (Arantxa Martínez y María Jerez). «… tómate esta fiesta conmigo —invita el artista— y en el último trago nos vamos, fiesta…»." -- Contracoberta |
| 600 10 - PUNTO DE ACCESO ADICIONAL DE MATERIA--NOMBRE DE PERSONA |
| Nombre de persona |
Domínguez, Juan |
| 9 (RLIN) |
168443 |
| 650 #7 - PUNTO DE ACCESO ADICIONAL DE MATERIA--TÉRMINO DE MATERIA |
| Término de materia o nombre geográfico como elemento de entrada |
Performance (Art) |
| 9 (RLIN) |
57517 |
| 650 #7 - PUNTO DE ACCESO ADICIONAL DE MATERIA--TÉRMINO DE MATERIA |
| Término de materia o nombre geográfico como elemento de entrada |
Teatre |
| 9 (RLIN) |
57815 |
| 650 07 - PUNTO DE ACCESO ADICIONAL DE MATERIA--TÉRMINO DE MATERIA |
| Término de materia o nombre geográfico como elemento de entrada |
Dansa |
| 9 (RLIN) |
56587 |
| 830 ## - PUNTO DE ACCESO ADICIONAL DE SERIE-TÍTULO UNIFORME |
| Título uniforme |
Letra Caniche |
| Designación de volumen o secuencia |
16 |
| 9 (RLIN) |
157662 |
| 908 ## - COLOCAR PARÁMETRO DE COMANDO (RLIN) |
| Colocar parámetro de comando |
MACBA |
| -- |
UB |
| -- |
CDMAE |
| 940 ## - EQUIVALENCIA O REFERENCIA-CRUZADA--TÍTULO UNIFORME [OBSOLETO] [solamente CAN/MARC] |
| Título uniforme |
<a href="MACBA">MACBA</a> |
| 942 ## - ELEMENTOS DE ENTRADA AGREGADA (KOHA) |
| Fuente del sistema de clasificación o colocación |
Clasificación decimal universal |
| Tipo de ítem Koha |
Llibre |